| 000 | 00530nam a2200169 i 4500 | ||
|---|---|---|---|
| 001 | 85125 | ||
| 003 | ES-MaACL | ||
| 005 | 20230906175203.0 | ||
| 007 | t| | ||
| 008 | 041125s1905 fr ||||1| fre d | ||
| 100 | 1 |
_aJosserand, Louis ( _d1848-1941) _967001 |
|
| 245 | 1 | 0 |
_aDe l'abus des droits / _cpar Louis Josserand. |
| 260 |
_aParis : _bArthur Rousseau, _c1905. |
||
| 300 |
_a89 p. ; _c23 cm. |
||
| 650 | 4 |
_aAbuso del derecho. _9157444 |
|
| 852 |
_aES-MaACL _jT-1359-F-3 _z.- Enc. en un vol. facticio conservando la cub. original |
||
| 999 |
_c85125 _d85125 |
||